الجامع الأموي الكبير

محفوظ في:

المؤلف الرئيسي: قيم، علي

التنسيق: كتاب

اللغة: Undetermined

منشور في: Syria 1996

الوسوم: إضافة وسم

لا توجد وسوم, كن أول من يضع وسما على هذه التسجيلة!

رقم الطلب: NA5989.7.D34 Q39

LEADER 00458nam a2200133Ia 4500
008 230909s9999||||xx |||||||||||||| ||und||
050 4 |a NA5989.7.D34 Q39 
100 1 |a قيم، علي  
245 1 0 |a الجامع الأموي الكبير  
264 1 |a Syria   |c 1996 
300 |a 175 p  |c 28cm 
942 |2 lcc  |c BK 
952 |0 0  |1 0  |2 lcc  |4 0  |6 NA59897 D34 Q39  |7 1  |9 50031  |a ARCE  |b ARCE  |d 2023-09-09  |l 0  |o NA5989.7.D34 Q39  |p 1023831  |r 2023-09-09 00:00:00  |w 2023-09-09  |y BK 
999 |c 54654  |d 54654